Citrus varieties and their cultivation, ដំណាំក្រូចនិងពូជក្រូច (Record no. 9178)
[ view plain ]
| 000 -LEADER | |
|---|---|
| fixed length control field | 00287nam a22001097a 4500 |
| 040 ## - CATALOGING SOURCE | |
| Transcribing agency | SY |
| 082 ## - DEWEY DECIMAL CLASSIFICATION NUMBER | |
| Classification number | 186 |
| 100 ## - MAIN ENTRY--AUTHOR NAME | |
| Personal name | SONGLKLA |
| 245 ## - TITLE STATEMENT | |
| Title | Citrus varieties and their cultivation, ដំណាំក្រូចនិងពូជក្រូច |
| 260 ## - PUBLICATION, DISTRIBUTION, ETC. (IMPRINT) | |
| Place of publication | RUA |
| Name of publisher | SON |
| Year of publication | 1997 |
| 942 ## - ADDED ENTRY ELEMENTS (KOHA) | |
| Koha item type | សៀវភៅភាសាខ្មែរ |
| 952 ## - LOCATION AND ITEM INFORMATION (KOHA) | |
| Withdrawn status [LOCAL, KOHA] | 0 |
| Permanent Location | Date acquired | Koha item type | Lost status | Shelving location | Barcode | Current Location | Full call number |
|---|---|---|---|---|---|---|---|
| Library Block C | 2016-08-25 | សៀវភៅភាសាខ្មែរ | C022 | RUA44108 | Library Block C | 186 SON 1997 C022 Or. |